| 000 | 01174nam a22003137a 4500 | ||
|---|---|---|---|
| 003 | DO-SdBPM | ||
| 005 | 20250807133229.0 | ||
| 007 | ta | ||
| 008 | 150817s 20uu dr a spa d | ||
| 040 |
_aDO-SdBPM _bspa _cBPMSU _erda |
||
| 082 | 4 |
_aRD863.5 _bV468b [2009?] _222 |
|
| 100 | 1 |
_aVentura Lembert, Milciades Alberto _eautor |
|
| 245 | 1 | 0 |
_aBoschito : _by sus letras que caminan / _cMilciades Alberto Ventura Lembert ; ilustración Ruddy Núñez |
| 260 |
_b _c _f |
||
| 264 |
_aSanto Domingo : _bCONANI, _c [2009?] |
||
| 300 |
_a20 páginas : _bilustraciones _c19 cm. |
||
| 336 |
_atexto _btxt _2rdacontent |
||
| 337 |
_asin mediación _bn _2rdamedia |
||
| 338 |
_avolumen _bnc _2rdacarrier |
||
| 590 | _aInventariado, 2025/VM | ||
| 600 | 1 | 4 |
_aBosch, Juan, 1909-2001 _d1909-2001 _vAdaptaciones infantiles |
| 650 | 7 |
_aCuentos infantiles dominicanos _x |
|
| 650 | 7 |
_a Literatura infantil dominicana _z |
|
| 650 | 7 | _aLibros de lectura para niños | |
| 700 | 1 |
_aNúñez, Ruddy _eilustraciones |
|
| 710 | 2 |
_aRepública Dominicana. _b Consejo Nacional para la Niñez y la Infancia |
|
| 910 | _aYLOCKWARD/ VMateo V. Control de calidad BPMSU | ||
| 942 |
_2ddc _cBK |
||
| 999 |
_c13198 _d13198 |
||